Countries of the World from Spanish to English - Statistics

General Stats
  • This quiz has been taken 186 times
  • The average score is 153 of 196
Answer Stats
País Country % Correct
Albania Albania
98%
Austria Austria
96%
España Spain
96%
Andorra Andorra
95%
Bosnia y Herzegovina Bosnia & Herzegovina
95%
Bulgaria Bulgaria
95%
Croacia Croatia
95%
Bélgica Belgium
94%
Finlandia Finland
94%
Francia France
94%
Hungría Hungary
94%
Italia Italy
94%
Ciudad del Vaticano Vatican City
94%
Bielorrusia Belarus
93%
Estonia Estonia
93%
Irlanda Ireland
93%
Kosovo Kosovo
93%
Eslovenia Slovenia
93%
Grecia Greece
92%
Montenegro Montenegro
92%
Eslovaquia Slovakia
92%
Malta Malta
91%
Mónaco Monaco
91%
Portugal Portugal
91%
Dinamarca Denmark
90%
Liechtenstein Liechtenstein
90%
Lituania Lithuania
90%
Luxemburgo Luxembourg
90%
Rumania Romania
90%
Rusia Russia
90%
Serbia Serbia
90%
Islandia Iceland
89%
San Marino San Marino
89%
Ucrania Ukraine
89%
República Checa Czech Republic
88%
República de Macedonia Macedonia
88%
Moldavia Moldova
87%
Noruega Norway
87%
Polonia Poland
87%
Suiza Switzerland
87%
Alemania Germany
84%
Bahamas Bahamas
83%
Barbados Barbados
83%
Canadá Canada
83%
México Mexico
82%
Costa Rica Costa Rica
81%
Cuba Cuba
81%
Guatemala Guatemala
81%
Haití Haiti
81%
Jamaica Jamaica
81%
Nicaragua Nicaragua
81%
Estados Unidos United States
81%
Afganistán Afghanistan
80%
Armenia Armenia
80%
Bangladés Bangladesh
80%
Belice Belize
80%
Dominica Dominica
80%
República Dominicana Dominican Republic
80%
El Salvador El Salvador
80%
Georgia Georgia
80%
Granada Grenada
80%
Honduras Honduras
80%
India India
80%
Irán Iran
80%
Japón Japan
80%
Panamá Panama
80%
China China
79%
Indonesia Indonesia
79%
Irak Iraq
79%
Israel Israel
79%
Jordania Jordan
79%
Letonia Latvia
79%
Arabia Saudita Saudi Arabia
79%
Reino Unido United Kingdom
79%
Argentina Argentina
78%
Azerbaiyán Azerbaijan
78%
Bután Bhutan
78%
Brasil Brazil
78%
Camboya Cambodia
78%
Chile Chile
78%
Colombia Colombia
78%
Laos Laos
78%
Mongolia Mongolia
78%
Omán Oman
78%
Pakistán Pakistan
78%
Sri Lanka Sri Lanka
78%
Suecia Sweden
78%
Siria Syria
78%
Taiwán Taiwan
78%
Turquía Turkey
78%
Vietnam Vietnam
78%
Yemen Yemen
78%
Australia Australia
77%
Bolivia Bolivia
77%
Brunéi Brunei
77%
Chad Chad
77%
Egipto Egypt
77%
Malasia Malaysia
77%
Nepal Nepal
77%
Perú Peru
77%
Filipinas Philippines
77%
Catar Qatar
77%
Singapur Singapore
77%
Uzbekistán Uzbekistan
77%
Angola Angola
76%
Antigua y Barbuda Antigua & Barbuda
76%
Botsuana Botswana
76%
Ecuador Ecuador
76%
Fiyi Fiji
76%
Gambia Gambia
76%
Kazajistán Kazakhstan
76%
Kuwait Kuwait
76%
Maldivas Maldives
76%
Paraguay Paraguay
76%
Tailandia Thailand
76%
Trinidad y Tobago Trinidad & Tobago
76%
Emiratos Árabes Unidos United Arab Emirates
76%
Uruguay Uruguay
76%
Venezuela Venezuela
76%
Benín Benin
75%
Cabo Verde Cape Verde
75%
Etiopía Ethiopia
75%
Gabón Gabon
75%
Ghana Ghana
75%
Guinea Guinea
75%
Guyana Guyana
75%
Madagascar Madagascar
75%
Nueva Zelanda New Zealand
75%
Corea del Norte North Korea
75%
Papua Nueva Guinea Papua New Guinea
75%
Samoa Samoa
75%
Corea del Sur South Korea
75%
Santa Lucía St. Lucia
75%
Tonga Tonga
75%
Turkmenistán Turkmenistan
75%
Baréin Bahrain
74%
Burundi Burundi
74%
Kenia Kenya
74%
Malí Mali
74%
Burkina Faso Burkina Faso
73%
Camerún Cameroon
73%
Kirguistán Kyrgyzstan
73%
Liberia Liberia
73%
Libia Libya
73%
Nigeria Nigeria
73%
Sudáfrica South Africa
73%
Sudán del Sur South Sudan
73%
Sudán Sudan
73%
Tuvalu Tuvalu
73%
Vanuatu Vanuatu
73%
República Democrática del Congo DR Congo
72%
Timor Oriental East Timor
72%
Guinea-Bissau Guinea-Bissau
72%
Kiribati Kiribati
72%
Islas Marshall Marshall Islands
72%
Mozambique Mozambique
72%
Namibia Namibia
72%
Nauru Nauru
72%
Níger Niger
72%
Senegal Senegal
72%
Seychelles Seychelles
72%
Somalia Somalia
72%
Surinam Suriname
72%
Eritrea Eritrea
71%
Palaos Palau
71%
Ruanda Rwanda
71%
Tayikistán Tajikistan
71%
Tanzania Tanzania
71%
Togo Togo
71%
Uganda Uganda
71%
República Centroafricana Central African Republic
70%
Malaui Malawi
70%
San Vicente y las Granadinas St. Vincent & the Grenadines
70%
Islas Salomón Solomon Islands
69%
Zambia Zambia
69%
Guinea Ecuatorial Equatorial
68%
Líbano Lebanon
68%
Lesoto Lesotho
68%
Sierra Leona Sierra Leone
68%
Zimbabue Zimbabwe
68%
Argelia Algeria
67%
Mauritania Mauritania
67%
Comoras Comoros
66%
Estados Federados de Micronesia FS of Micronesia
66%
República del Congo Rep. of Congo
66%
São Tomé y Principe São Tomé & Principe
65%
San Cristóbal y Nieves St. Kitts & Nevis
65%
Suazilandia Swaziland
65%
Mauricio Mauritius
64%
Túnez Tunisia
64%
Birmania Burma
61%
Yibuti Djibouti
60%
Marruecos Morocco
60%
Países Bajos Netherlands
59%
Costa de Marfil Cote d'Ivoire
57%
Chipre Cyprus
55%
No matching quizzes found
Score Distribution
Percent of People with Each Score
Percentile by Number Answered
Your Score History
You have not taken this quiz